| 000 | 00699nam a2200241Ia 4500 | ||
|---|---|---|---|
| 003 | OSt | ||
| 005 | 20220925235500.0 | ||
| 006 | a|||||r|||| 00| 0 | ||
| 007 | ta | ||
| 008 | 220923b |||||||| |||| 00| 0 eng d | ||
| 020 | _a8171001041 | ||
| 037 | _cGeneral Book | ||
| 040 |
_aRTL _cRTL _beng |
||
| 041 |
_2eng _aeng |
||
| 082 | _aX9(J).2.N8, M8 | ||
| 100 |
_aSingh Mohinder _9193497 |
||
| 245 | 0 | _aRural development adinistration and antipoverty pr | |
| 260 |
_a New Delhi _bDeep & Deep India _c1988 |
||
| 300 |
_a304p. Bib p. 283-302 _ccm. |
||
| 650 |
_aAgriculture Industy _9236527 |
||
| 942 |
_hX9(J).2.N8, M8 _cGB _2CC |
||
| 999 |
_c597368 _d597368 |
||